Batman Forever Cast - Statistics

General Stats
  • This quiz has been taken 26 times
  • The average score is 5 of 12
Answer Stats
Hint Answer % Correct
The Riddler/Edward Nygma Jim Carrey
100%
Two-Face/Harvey Dent Tommy Lee Jones
96%
Batman/Bruce Wayne Val Kilmer
96%
Robin/Dick Grayson Chris O'Donnell
67%
Chase Meridian Nicole Kidman
67%
Sugar Drew Barrymore
50%
Alfred Pennyworth Michael Gough
21%
James Gordon Pat Hingle
13%
Spice Debi Mazar
4%
Fred Stickley Ed Begley Jr.
4%
The Mayor George Wallace
4%
Dr. Burton René Auberjonois
4%
No matching quizzes found
Score Distribution
Percent of People with Each Score
Percentile by Number Answered
Your Score History
You have not taken this quiz